000 00689nam a2200265Ia 4500
005 20260302114356.0
008 008 260114s9999 xx 000 0 eng d
020 _a9798881811402
037 _aTextbook
040 _aCRL
040 _beng
040 _cCRL
041 _2eng
041 _aeng
084 _qCRL
100 _aJ.L. Chretien
_91118590
245 0 _aSpacious Joy An Essay in Phenomenology and Literature
260 _bBloomsbury
260 _bRowman & Littlefield
260 _c2019
650 _aPhilosophy
856 _uhttps://doi.org/10.5040/9798881811402?locatt=label:secondary_bloomsburyCollections
942 _cEBOOK
999 _c1682322
_d1682322